Drahobudice v průběhu věků : 1338-2014 /

Hlavní autor: Veselý, Josef
Další autoři: Veselá, Anna
Jazyk: Čeština
Vydáno: [Drahobudice] : [Obec Drahobudice], [2014?]
Témata:
Fyzický popis: 55 stran : ilustrace (převážně barevné), plány, faksimile ; 21 cm
Knihy
Uloženo v:
LEADER 01538nam a2200421 i 4500
001 nkc20182999833
003 CZ PrNK
005 20180622094827.0
007 ta
008 180531s2014 xr aeh e 000 0dcze
015 |a cnb002999833 
020 |a 978-80-270-4280-7  |q (v knize neuvedeno ;  |q brožováno) 
035 |a (OCoLC)1043898242 
040 |a OLA001  |b cze  |e rda 
043 |a e-xr---  |b e-xr-st  |2 czenas 
072 7 |a 94(437)  |x Dějiny Česka a Slovenska  |2 Konspekt  |9 8 
080 |a 94(437.312)  |2 MRF 
080 |a (048.8)  |2 MRF 
100 1 |a Veselý, Josef  |4 aut 
245 1 0 |a Drahobudice v průběhu věků :  |b 1338-2014 /  |c autoři: Anna a Josef Veselovi 
246 1 4 |a Drahobudice v přehledu historických událostí 
264 1 |a [Drahobudice] :  |b [Obec Drahobudice],  |c [2014?] 
300 |a 55 stran :  |b ilustrace (převážně barevné), plány, faksimile ;  |c 21 cm 
336 |a text  |b txt  |2 rdacontent 
337 |a bez média  |b n  |2 rdamedia 
338 |a svazek  |b nc  |2 rdacarrier 
500 |a Správný tvar jmen autorů ověřen na Obecním úřadu Drahobudice 
504 |a Obsahuje bibliografii 
651 7 |a Drahobudice (Česko)  |7 ge758671  |x dějiny  |2 czenas 
651 9 |a Drahobudice (Czechia)  |x history  |2 eczenas 
655 7 |a přehledy  |7 fd133202  |2 czenas 
655 9 |a surveys  |2 eczenas 
700 1 |a Veselá, Anna  |4 aut 
910 2 |a BOA001  |b 2-1409.764 
990 |a BK 
995 |a 01 
991 |b 201806  |c NOV 
996 6 |b 2610745561  |c 2-1409.764  |l MZK  |r Sklad / do 1 hodiny  |n 0  |p p.v.  |w 001668379  |u 000010  |a 1  |e BOA001  |j MZK50  |s P